| 000 | 00797nam a2200229Ii 4500 | ||
|---|---|---|---|
| 003 | JO-AjNU | ||
| 008 | 230605s9999||||xx |||||||||||||| ||und|| | ||
| 017 | _a2005/1979 | ||
| 020 | _a977-327-542-6 | ||
| 040 |
_aJO-AjNU _bara _erda _cJO-AjNU |
||
| 041 | _aara | ||
| 050 | 1 | 4 | _aZ6605 2004 |
| 100 | 3 |
_aحربي ، خالد , _eauthor _913200 |
|
| 245 | 0 | 0 | _aالتراث المخطوط رؤية معرفية في التبصير والفهم 1 علوم الدين لحجة الاسلام ابي حامد الغزالي |
| 250 | _aط1 | ||
| 264 | 3 | 1 | _aالاسكندرية :دار الوفاء للنشر ،2004 |
| 300 | _a192ص | ||
| 336 |
_atext _btxt _2rdacontent |
||
| 337 |
_aunmediated _bn _2rdamedia |
||
| 338 |
_avolume _bnc _2rdacarrier |
||
| 650 | 4 |
_aالتراث المخطوط _913201 |
|
| 999 |
_aA3223 _c6791 _d6791 |
||